|
|
|
|
| LEADER |
01098nam a22002177a 4500 |
| 001 |
29967 |
| 003 |
BD-DhAAL |
| 005 |
20240923164107.0 |
| 008 |
151028b1990 bg ||||| |||| 00| 0 ben d |
| 040 |
|
|
|a BD-DhAAL
|c BD-DhAAL
|
| 082 |
|
|
|2 22
|a 372.095492
|
| 245 |
|
|
|a দেশ কাল সমাজ
|
| 264 |
|
|
|a ঢাকা :
|b বাংলাদেশ রুরাল এডভান্সমেন্ট কমিটি,
|c ১৯৯০.
|
| 300 |
|
|
|a ২৯৭ পৃষ্ঠা :
|b চিত্র ;
|c ২৪ সে.মি.
|
| 541 |
|
|
|e 29967
|a BRAC
|
| 650 |
|
|
|a Education, Primary
|z Bangladesh.
|9 15787
|
| 852 |
|
|
|a Ayesha Abed Library
|c BRAC Resource Section
|
| 942 |
|
|
|2 ddc
|c BK
|
| 999 |
|
|
|c 35943
|d 35943
|
| 952 |
|
|
|0 0
|1 0
|2 ddc
|4 0
|6 372_095492000000000_DES
|7 1
|9 56483
|a BRACUL
|b BRACUL
|c BRS
|d 2015-10-28
|e BRAC
|l 0
|o 372.095492 DES
|p 3010029966
|r 2015-10-28
|t 1
|w 2015-10-28
|y BK
|x BRAC ; price not available in register
|
| 952 |
|
|
|0 0
|1 0
|2 ddc
|4 0
|6 372_095492000000000_DES
|7 1
|9 56484
|a BRACUL
|b BRACUL
|c BRS
|d 2015-10-28
|e BRAC
|l 0
|o 372.095492 DES
|p 3010029967
|r 2015-10-28
|t 2
|w 2015-10-28
|y BK
|x BRAC ; price not available in register
|